000 01318nam a22002177a 4500
005 20250716165456.0
008 250716b |||||||| |||| 00| 0 eng d
020 _a9780130912947
_qpbk
041 _aeng
082 _a005.14
_bCUL
100 _aCulbertson,robert
245 _aRapid Testing
_b:
_cRobert culbertson
260 _aUnited States Of America
_bSoftware Quality Institutions Series
_c2001
300 _axviii,394 p.
_bill
_c24 cm.
504 _aindex
520 _aFaster testing for faster time-to-market. Accelerated testing strategies to beat the competition Tips for successfully integrating testing into a fast-track development strategy Templates for creating your own testing documentation instantly The breakneck pace and fierce competition in today's software market demand that products get to market as quickly as possible. The challenge of maintaining quality while meeting deadlines leads to new strategies for testing through the development process. While no software is flawless, the goal of rapid testing is to identify major bugs early in the development process, requiring integration of test planning, execution, and reporting throughout the life cycle
650 _aSoftware Quality Institute Series
700 _aBrown, Chris
700 _aCobb,Garry
942 _cENGLISH
999 _c576034
_d576034